The noble scholar, jurist, historian


 His Excellency Dr. Abdul Wahhab bin Ibrahim Abu Sulaiman, may Allah have mercy on him.


 He was born in Umm Al-Qura in the year 1356 AH.

الكعبة المشرفة والحجر الأسود : (Record no. 5525)

MARC details
000 -LEADER
fixed length control field 02122cam a22003011i 4500
003 - CONTROL NUMBER IDENTIFIER
control field SA-RiAUC
005 - DATE AND TIME OF LATEST TRANSACTION
control field 20250203073807.0
008 - FIXED-LENGTH DATA ELEMENTS--GENERAL INFORMATION
fixed length control field 250122s2008____ua a g 00010 ara c
020 ## - INTERNATIONAL STANDARD BOOK NUMBER
International Standard Book Number 977102339X
040 ## - CATALOGING SOURCE
Original cataloging agency SA-RiAUC
Language of cataloging ara
Transcribing agency SA-RiAUC
Modifying agency KAC
Description conventions rda
082 04 - DEWEY DECIMAL CLASSIFICATION NUMBER
Classification number 215.1
Assigning agency SA-RiAUC
090 ## - LOCALLY ASSIGNED LC-TYPE CALL NUMBER (OCLC); LOCAL CALL NUMBER (RLIN)
Classification number (OCLC) (R) ; Classification number, CALL (RLIN) (NR) 215.1
Local cutter number (OCLC) ; Book number/undivided call number, CALL (RLIN) ش ر ق
100 1# - MAIN ENTRY--PERSONAL NAME
Personal name الشرقاوي، محمد عبد الحميد
Relator term مؤلف.
245 12 - TITLE STATEMENT
Title الكعبة المشرفة والحجر الأسود :
Remainder of title رؤية علمية /
Statement of responsibility, etc. محمد عبد الحميد الشرقاوي، محمد رجائي جودة الطحلاوي.
250 ## - EDITION STATEMENT
Edition statement الطبعة الأولى.
264 #1 - PRODUCTION, PUBLICATION, DISTRIBUTION, MANUFACTURE, AND COPYRIGHT NOTICE
Place of production, publication, distribution, manufacture القاهرة :
Name of producer, publisher, distributor, manufacturer دار الفكر العربي،
Date of production, publication, distribution, manufacture, or copyright notice 2007
300 ## - PHYSICAL DESCRIPTION
Extent 184 صفحة :
Other physical details إيضاحيات ؛
Dimensions 24 سم
336 ## - CONTENT TYPE
Content type term نص
Content type code txt
Source rdacontent
Materials specified كتاب
337 ## - MEDIA TYPE
Media type term بدون وسيط
Media type code n
Source rdamedia
338 ## - CARRIER TYPE
Carrier type term مجلد
Carrier type code nc
Source rdacarrier
504 ## - BIBLIOGRAPHY, ETC. NOTE
Bibliography, etc. note ببليوجرافية : صفحة 171-184.
520 ## - SUMMARY, ETC.
Summary, etc. يقدم الكتاب رؤية علمية شاملة حول الكعبة المشرفة والحجر الأسود. الكتاب يستعرض الجوانب التاريخية والدينية والمعمارية للكعبة، بالإضافة إلى الأبحاث العلمية التي تناولت الحجر الأسود. يتناول الكتاب : التاريخ : يقدم نبذة تاريخية عن الكعبة المشرفة والحجر الأسود، بما في ذلك الأحداث التاريخية المرتبطة بهما. الدين : يستعرض الأحاديث النبوية والآيات القرآنية التي تبرز مكانة الكعبة والحجر الأسود في الإسلام. العلم : يقدم تحليلات علمية حول الحجر الأسود، بما في ذلك الدراسات التي أجريت عليه لفهم تركيبته وخصائصه الفريدة.
650 #7 - SUBJECT ADDED ENTRY--TOPICAL TERM
Topical term or geographic name entry element الحجر الأسعد
Source of heading or term aucsh
650 #7 - SUBJECT ADDED ENTRY--TOPICAL TERM
Topical term or geographic name entry element الكعبة
Source of heading or term aucsh
700 1# - ADDED ENTRY--PERSONAL NAME
Personal name الطحلاوي، محمد رجائي،
Dates associated with a name 1936-
Relator term مؤلف.
942 ## - ADDED ENTRY ELEMENTS (KOHA)
Source of classification or shelving scheme Dewey Decimal Classification
Koha item type Books
Suppress in OPAC No
949 ## - LOCAL PROCESSING INFORMATION (OCLC)
a SA-JeALM
d 250122
u mohamedma123
n 1
Holdings
Withdrawn status Lost status Source of classification or shelving scheme Damaged status Not for loan Home library Current library Date acquired Total checkouts Full call number Barcode Date last seen Price effective from Koha item type
    Dewey Decimal Classification     DR AbdElwahab Library DR AbdElwahab Library 02/03/2025   215.1 ش ر ق 000009478 02/03/2025 02/03/2025 Books